| 000 | 00778nam a22002177a 4500 | ||
|---|---|---|---|
| 999 |
_c2845 _d2845 |
||
| 003 | AR-CdUCM | ||
| 008 | 190305b ||||| |||| 00| 0 spa d | ||
| 040 |
_aMUNICIPALIDAD PROVINCIAL DEL CUSCO _cBIBLIOTECA MUNICIPAL DEL CUSCO |
||
| 082 |
_a869.63 / _bT97 |
||
| 245 |
_aTutupaka llakkta o el mancebo que venció al diablo / _cAnónimo quechua |
||
| 260 |
_aLima : _bEdit. Milla Batres, _c1974. |
||
| 300 |
_a93 páginas ; _c20 cm. |
||
| 500 | _aDonación de la familia Nieto. | ||
| 650 |
_aQuechua - Narrativa peruana _99867 |
||
| 650 |
_aTradición oral _92031 |
||
| 650 |
_aRecopilación - Época colonial _99868 |
||
| 700 |
_aLira, Jorge A. (Recopilación y traducción) _99869 |
||
| 700 |
_aDelgado, Wáshington (Prólogo) _99870 |
||
| 942 |
_2ddc _cLIBROS |
||
| 945 | _admma | ||